| 000 | 00767cam a2200265Li 4500 | ||
|---|---|---|---|
| 999 |
_c109961 _d109961 |
||
| 003 | BJBSDDR | ||
| 005 | 20230411085944.0 | ||
| 007 | ta | ||
| 008 | 990309s1969 xxk 000 0 eng d | ||
| 029 | 0 |
_aZWZ _b046814469 |
|
| 035 | _a(OCoLC)ocn490978235 | ||
| 035 | _a(OCoLC)490978235 | ||
| 040 |
_aZWZ _bfre _cBJBSDDR |
||
| 041 | _aspa | ||
| 049 | _aGRAL | ||
| 050 | 1 | 4 |
_aHF 1009 _bI61 1969 |
| 245 | 0 | 0 |
_aInternational trade : _bselected reading / _ced. by Jagdish Bhagwati. |
| 260 |
_aHarmondsworth : _bPenguin Books, _c1969. |
||
| 300 |
_a413 p. : _bfig. ; _c18 cm. |
||
| 650 | 4 |
_9760 _aColección René Villarreal (CRV) |
|
| 650 | 0 |
_aComercio internacional _91237 |
|
| 700 | 1 |
_aBhagwati, Jagdish Natwarlal _d(1934-....) |
|
| 942 |
_2lcc _cBK |
||
| 946 | _amfcruz | ||